000 00483nam a2200193Ia 4500
003 OSt
005 20250822104440.0
008 250729s2004 xx 000 0 und d
020 _a ‎ 978-8126119288
040 _cAL
041 _aeng
082 _a371.9104 SINM
100 _aSingh Bharath
_9221731
245 _aModern teaching of expectional children
260 _aNew Delhi
_bAnmol Publisher
_c2004
300 _a289p
650 _aEducation
_9221732
942 _2ddc
_cBED
999 _c235151
_d235151